000 00554nam a22001697a 4500
999 _c8914
_d8914
003 OSt
008 200714b ||||| |||| 00| 0 eng d
020 _a9788185731278
082 _a610.28SUP
100 _aSubrahmanyam, C. V. S & Setty J. Thimma ,Sarasijia Suresh & Devi V. Kusum
245 _aPharmaceutical Engineering: Principles and Practice
250 _a2019
260 _aNew Delhi
_bVallabh Publication
300 _aPg-576
650 _aPharmaceutics- Drug Delivery Systems,Pharmaceutical Engineering regulraty Science
942 _2ddc
_cBK
_08